00522pab a2200157 454500008004000000100002300040245008800063260000900151300001600160362001100176650002500187773002000212909001000232999001700242952010500259180718b2004 xxu||||| |||| 00| 0 eng d aOgalo, Habil Slade aInitiating changes to overcome challenges in management education: need of the hour c2004 ap.13-14,17. a20 Sep aManagement education aUniversity News a62789 c62789d62789 00104070aIIPAbIIPAd2018-07-19hVolume no: 42, Issue no: 38pAR63239r2018-07-19w2018-07-19yAR